Terrorism and human rights in the globalizing world: (Record no. 160444)

MARC details
000 -LEADER
fixed length control field 00612nam a22001817a 4500
005 - DATE AND TIME OF LATEST TRANSACTION
control field 20190213144513.0
010 ## - LCCN (DPL NO)
LC control number ENG-124748
020 ## - INTERNATIONAL STANDARD BOOK NUMBER
International Standard Book Number 9789386473431
Terms of availability 350.00
035 ## - SYSTEM CONTROL NUMBER
System control number EN-108280
037 ## - SOURCE OF ACQUISITION
Source of stock number/acquisition DBAD/PUB
082 ## - DEWEY DECIMAL CLASSIFICATION NUMBER
Classification number 363.325
245 ## - TITLE STATEMENT
Title Terrorism and human rights in the globalizing world:
Statement of responsibility, etc ed. by Nirmal Kumar Sahoo
Remainder of title experience in indian context/
260 ## - PUBLICATION, DISTRIBUTION, ETC. (IMPRINT)
Place of publication, distribution, etc New Delhi
Name of publisher, distributor, etc New Academic Publishers
Date of publication, distribution, etc 2017
270 ## - ADDRESS
Address 4760-61/23, Ansari Road, Daryaganj,
City New Delhi
Postal code 110002
300 ## - PHYSICAL DESCRIPTION
Extent 160p.
Dimensions 24cm.(Hb)
700 ## - ADDED ENTRY--PERSONAL NAME
Personal name Sahoo Nirmal Kumar
942 ## - ADDED ENTRY ELEMENTS (KOHA)
Source of classification or shelving scheme Dewey Decimal Classification
Item type English Books
Call number suffix TER
Classification part 363.325
Holdings
Withdrawn status Lost status Not for loan Collection code Home library Current library Date acquired Source of acquisition Full call number Barcode Copy number Cost, replacement price Koha item type
    Not For Loan Non-fiction D.B.Act.Division Central Library 30/01/2019 DBAD/PUB 363.325 TER EN-108280 1 350.00 English Books

© Delhi Public Library
Hit Counter
free hit counter